| Tag |
First Indicator |
Second Indicator |
Subfields |
| LEADER |
00000cam a2200000 a 4500 |
| 001 |
in00000019086 |
| 005 |
20151007054146.0 |
| 008 |
851122s1985 txua b 10000 eng d |
| 010 |
|
|
|a 84072724
|
| 020 |
|
|
|a 0912229098
|
| 035 |
|
|
|a (OCoLC)12834072
|
| 035 |
|
|
|9 AAB4170AM
|
| 040 |
|
|
|a AZU
|c AZU
|d TXA
|d UtOrBLW
|
| 049 |
|
|
|a TXAM
|c [A12592890]
|
| 050 |
|
4 |
|a SK352
|b .G35 1985
|
| 245 |
0 |
0 |
|a Game harvest management /
|c edited by Samuel L. Beasom, Sheila F. Roberson.
|
| 264 |
|
1 |
|a Kingsville, Tex. :
|b Caesar Kleberg Wildlife Research Institute,
|c [1985]
|
| 264 |
|
4 |
|c ©1985
|
| 300 |
|
|
|a xvi, 374 pages :
|b illustrations ;
|c 27 cm.
|
| 336 |
|
|
|a text
|b txt
|2 rdacontent
|
| 337 |
|
|
|a unmediated
|b n
|2 rdamedia
|
| 338 |
|
|
|a volume
|b nc
|2 rdacarrier
|
| 500 |
|
|
|a "A proceedings of the third International Symposium of the Caesar Kleberg Wildlife Research Institute, College of Agriculture, Texas A&I University, Kingsville, Texas...October 3-6, 1983."--title page.
|
| 504 |
|
|
|a Includes bibliographies.
|
| 650 |
|
0 |
|a Wildlife management
|v Congresses.
|
| 650 |
|
0 |
|a Animal populations
|x Congresses.
|
| 700 |
1 |
|
|a Beasom, S. L.
|q (Samuel LaMonte),
|d 1945-
|
| 700 |
1 |
|
|a Roberson, Sheila F.
|
| 710 |
2 |
|
|a Caesar Kleberg Wildlife Research Institute.
|
| 999 |
|
|
|a MARS
|
| 999 |
f |
f |
|s 103d6a90-cd59-3e10-a33f-eda7f5297423
|i f182c7e5-662f-3303-84e8-2ccf6d68eeb6
|t 0
|
| 952 |
f |
f |
|p ric
|a Texas A&M University
|b Rellis Campus
|c Joint Library Facility
|d Remote Storage
|t 0
|e SK352 .G35 1985
|h Library of Congress classification
|i unmediated -- volume
|m A14824919090
|
| 998 |
f |
f |
|a SK352 .G35 1985
|t 0
|l Remote Storage
|